Human organs trade

Salvato in:
Dettagli Bibliografici
Autore principale: Draji, Ibrahim
Natura: Libro
Pubblicazione: Damascus : International organization for migration, [n.d.]
Soggetti:
Tags: Aggiungi Tag
Nessun Tag, puoi essere il primo ad aggiungerne!!

MARC

LEADER 00000nam a22000007a 4500
020 |a NA  |c TZS 130,280/= 
040 |a MUL  |b eng  |e AACR 
082 |a 364.1551 DRA 
100 |a Draji, Ibrahim 
245 |a Human organs trade  |c / Ibrahim Draji 
260 |a Damascus :  |b International organization for migration,  |c [n.d.] 
300 |a 195 p. ;  |c 24 cm. 
504 |a Include bibliographical references (p. 191 - 195) 
546 |a eng 
650 |a Religious legitimacy 
942 |c BK 
999 |c 2588  |d 2588